Теория операторов: учебник для вузов

Бібліографічні деталі
Автор: Садовничий В. А. Виктор Антонович
Мова:Російська
Опубліковано: Москва, Высшая школа, 1999
Редагування:3-е изд., стер.
Серія:Высшая математика
Предмети:
Формат: Книга
KOHA link:https://koha.lib.tpu.ru/cgi-bin/koha/opac-detail.pl?biblionumber=10760

MARC

LEADER 00000nam0a2200000 4500
001 10760
005 20231030183242.0
010 |a 5060036049 
035 |a (RuTPU)RU\TPU\book\10824 
035 |a BOOK00010890 
090 |a 10760 
100 |a 20011209d1999 m y0rusy50 ca 
101 0 |a rus 
102 |a RU 
105 |a y j 000zy 
200 1 |a Теория операторов  |e учебник для вузов  |f В. А. Садовничий 
205 |a 3-е изд., стер. 
210 |a Москва  |c Высшая школа  |d 1999 
215 |a 368 с. 
225 1 |a Высшая математика 
451 1 |0 (RuTPU)RU\TPU\book\39820  |y 5-7107-4297-X  |t Теория операторов  |o учебник  |f В. А. Садовничий  |e 4-е изд., испр. и доп.  |c М.  |n Дрофа  |d 2001  |p 384 с.  |a Садовничий, Виктор Антонович 
451 1 |0 (RuTPU)RU\TPU\book\68398  |t Теория операторов  |o учебное пособие  |f В. А. Садовничий  |c М.  |n Изд-во МГУ  |d 1979  |p 296 с.  |s Высшее образование: Современный учебник  |a Садовничий, Виктор Антонович 
610 1 |a математика 
610 1 |a теория операторов 
610 1 |a учебники 
675 |a 517.98(075.8)  |v 3 
700 1 |a Садовничий  |b В. А.  |g Виктор Антонович 
801 0 |a RU  |b 63413507  |c 20011209  |g PSBO 
801 2 |a RU  |b 63413507  |c 20170418  |g PSBO 
942 |c BK